| 000 | 006560000a22002170004500 | ||
|---|---|---|---|
| 003 | LK-CoMWRAF | ||
| 005 | 20240113001023.0 | ||
| 008 | 230817t1995 ||||| |||| 00| 0 eng d | ||
| 040 |
_aLK-CoMWRAF _dLK-CoMWRAF _eLK-CoMWRAF |
||
| 041 | _atam | ||
| 082 |
_a894.8113 _bKUN |
||
| 100 |
_aகுணநதன், ஓ. கே. _vKunanathan, O.K |
||
| 245 |
_aவீர ஆனந்தன், _aசுதந்திரம் |
||
| 246 | _aVeera Aananthan, Suthanthiram | ||
| 260 |
_aBatticaloa: _bPriya pirasuram, _c1995 |
||
| 300 |
_a76 p. _a36 p. |
||
| 500 | _aTwo books together. | ||
| 650 | _aTAMIL FICTION | ||
| 650 | _aChildren's fiction | ||
| 942 | _cBK | ||
| 999 |
_c2723 _d2723 |
||